A practical course in SL/1 (Record no. 66760)

000 -LEADER
fixed length control field 00373nam a22001457a 4500
003 - CONTROL NUMBER IDENTIFIER
control field NUST - PNEC
005 - DATE AND TIME OF LATEST TRANSACTION
control field 20170116181002.0
008 - FIXED-LENGTH DATA ELEMENTS--GENERAL INFORMATION
fixed length control field 150912b xxu||||| |||| 00| 0 eng d
040 ## - CATALOGING SOURCE
Transcribing agency LIBRARY
082 ## - DEWEY DECIMAL CLASSIFICATION NUMBER
Classification number 621.381953 TOM
100 ## - MAIN ENTRY--PERSONAL NAME
9 (RLIN) 9599
Personal name Tomasso, C.
245 ## - TITLE STATEMENT
Title A practical course in SL/1
Statement of responsibility, etc. C. Tomasso
650 ## - SUBJECT ADDED ENTRY--TOPICAL TERM
9 (RLIN) 9597
Topical term or geographic name entry element MS Communication
General subdivision MSCom
942 ## - ADDED ENTRY ELEMENTS (KOHA)
Source of classification or shelving scheme
Koha item type Book
Holdings
Withdrawn status Lost status Source of classification or shelving scheme Damaged status Not for loan Permanent Location Current Location Shelving location Date acquired Total Checkouts Full call number Barcode Date last seen Price effective from Koha item type
          Pakistan Navy Engineering College (PNEC) Pakistan Navy Engineering College (PNEC)       621.381953 TOM PNECLIB-004260 09/12/2015   Book
© 2023 Central Library, National University of Sciences and Technology. All Rights Reserved.